| 000 | 00519nam a2200169Ia 4500 | ||
|---|---|---|---|
| 005 | 20250508151954.0 | ||
| 008 | 008 250505s9999 xx 000 0 eng d | ||
| 037 | _aReference | ||
| 040 |
_aFEDL _beng _cFEDL |
||
| 041 |
_aeng _2eng |
||
| 084 |
_a309.230 954, IND _qFEDL |
||
| 245 | 0 | _aSecond five year plan of the Indian union: 1961 | |
| 245 | 0 | _cGovernment of India. Ministry of Information and Broadcasting | |
| 300 | _avi,57p. | ||
| 942 |
_cREF _h309.230 954, IND |
||
| 999 |
_c1333301 _d1333301 |
||